| 000 | 01439cad a22002415a 4500 | ||
|---|---|---|---|
| 001 | L141725 | ||
| 008 | 071217e20071213xxk f f000 0 eng d | ||
| 035 | _a(Sirsi) u141725 | ||
| 041 | 0 | _aeng | |
| 050 | 0 | 4 | _a627.4 $2 18 |
| 110 | 1 |
_aUnited Kingdom _bDepartment for Environment, Food and Rural Affairs |
|
| 240 |
_aMaking space for water _bEnvironment Agency strategic overview: sea flooding and coastal erosion |
||
| 245 | 0 | 0 |
_aCoastal strategic overview _bimplementation plan _h[electronic resource] |
| 260 |
_aLondon _bDEFRA _c2007 |
||
| 520 | _aAims to facilitate the identification and long-term management of flood and coastal erosion risk management works. Sets out the key actions which need to be taken for implementation, including joint actions between DEFRA and the Environment Agency. Identifies five main strands for implementation: governance, legislation, relationships and communications, Shoreline Management Plans and the delivery of coastal works. Covers each of these in greater detail. | ||
| 521 | 1 | _aAdvanced | |
| 590 | _aKA | ||
| 651 | 4 |
_aUnited Kingdom _y |
|
| 690 | _aENVIRONMENTAL AND LAND CONSULTANCY-WATER RESOURCE MANAGEMENT-FLOODING | ||
| 690 | _aPROPERTY-RURAL AND NATURAL ASSETS-RURAL AND NATURAL ASSET MANAGEMENT-COASTAL MANAGEMENT | ||
| 856 | 4 | 0 |
_uhttps://archive.defra.gov.uk/environment/flooding/documents/policy/strategy/coastimp.pdf _zView the item free of charge at defra.gov.uk |
| 942 | _n0 | ||
| 999 |
_c107748 _d107748 |
||